| 000 | 00486nam a2200169Ia 4500 | ||
|---|---|---|---|
| 003 | GCL | ||
| 008 | 140319s9999 xx 000 0 eng d | ||
| 040 |
_aGCL / _cGCL |
||
| 082 | 0 | 4 |
_a623.85 _bH I |
| 100 | 1 | _aHEE, K.M. VAN | |
| 245 | 1 | 0 |
_aINFORMATION SYSTEMS ENGINEERING: A FORMAL APPROACH / _cHEE, K.M. VAN |
| 260 |
_a[S.N] : _bCAMBRIBGE UNIVERSITY PRESS ، _c1994 |
||
| 300 | _a421 P | ||
| 650 | 0 | 4 | _aالتحليل الرياضى |
| 650 | 0 | 4 | _aINFORMATION SYSTEMS |
| 942 |
_2ddc _cBK |
||
| 999 |
_c23696 _d23696 |
||